000 00999nam a22003257a 4500
001 BR8501659
003 BR-BrBNA
005 20230928092124.0
007 ta
008 230509b bl.||||| |||| 00| 0 por d
040 _aBR-BrBNA
_bpor
_cBiblioteca Nacional de Agricultura
041 _a(Por)
072 _aF61
_b1720
_b3810
_b3840
_b3866
_b/G514
090 _ 1720 BR8501659
100 1 _aSouza, J.L. de
110 1 _aEscola Superior de Agricultura de Lavras, MG (Brasil)
_0Tese (Mestrado)
245 1 _aEmbebicao de bulbilhos de alho (Allium sativum L.), cultivar Chonan, em solucoes contendo potassio, magnesio e micronutriente [Brasil]
260 3 _aLavras, MG (Brasil):
_c1985.
300 _a104 p.
500 _a29 illus.; 43 ref.; Summaries (Eng, Por)
650 _aALHO
650 _aIMERSAO
650 _aPOTASSIO
650 _aMAGNESIO
650 _aMICROELEMENTO
650 _aBULBILHO
650 _aMINAS GERAIS
909 _a202309
_bLucia
_c55
_dLucia Elande
942 _cBK
999 _c37250
_d37250